000 00578nam a2200229Ia 4500
003 OSt
005 20220918195329.0
006 a|||||r|||| 00| 0
007 ta
008 220917b |||||||| |||| 00| 0 eng d
024 _a84,619
037 _cTextual
040 _aARTS
_cARTS
_beng
041 _2eng
_aeng
082 _aSM951, J6
100 _aLippman Hyman S.
_990059
245 0 _aTreatment of the child in emotional conflict
260 _c1956
650 _aPSYCHOLOGY
942 _hSM951, J6
_cTEXL
_2CC
999 _c208333
_d208333